| 000 | 06682cam a2200733Ii 4500 | ||
|---|---|---|---|
| 003 | PE-LiUPU | ||
| 005 | 20250731184509.0 | ||
| 008 | 140609m20142015mnua rb 001 0 eng d | ||
| 020 |
_a1451466749 _q(volumen 1 ; _qpbk. ; _qalk. paper) |
||
| 020 |
_a1451467427 _q(volumen 2 ; _qpbk. ; _qalk. paper) |
||
| 020 | _a1506405126 | ||
| 020 |
_a9781451466744 _q(volumen 1 ; _qpbk. ; _qalk. paper) |
||
| 020 |
_a9781451467420 _q(volumen 2 ; _qpbk. ; _qalk. paper) |
||
| 020 | _a9781506405124 | ||
| 035 | _a(Sirsi) i9781451466744 | ||
| 040 |
_aYDXCP _bspa _erda _cYDXCP _dOCLCQ _dBDX _dOCLCQ _dBTCTA _dVPI _dCDX _dOCLCQ _dCUV _dOCLCF _dCHVBK _dLNT _dMHB _dPBU _dCUS _dDTM _dLNT _dOCLCQ _dPE-LiUPU |
||
| 049 | _aPRUA | ||
| 082 | 0 | 4 |
_a933.05092 _bG1 _220 |
| 245 | 0 | 0 |
_aGalilee in the late Second Temple and Mishnaic periods / _cDavid A. Fiensy and James Riley Strange, editors. |
| 246 | 1 | 3 | _aLife, culture, and society |
| 246 | 1 | 3 | _aThe archaeological record from cities, tows, and villages |
| 264 | 1 |
_aMinneapolis : _bFortress, _c[2014-2015] |
|
| 264 | 4 | _c©2014-©2015 | |
| 300 |
_a2 volumes : _bilustraciones, mapas ; _c23 centímetros. |
||
| 336 |
_atext _2rdacontent |
||
| 337 |
_aunmediated _2rdamedia |
||
| 338 |
_avolume _2rdacarrier |
||
| 504 | _aBibliografía : páginas 384-387 (tomo 2). | ||
| 504 | _aBibliografía : páginas 438-441 (tomo 1). | ||
| 504 | _aIndices : páginas 395-411 (tomo 2). | ||
| 504 | _aIndices : páginas 445-467 (tomo 1). | ||
| 505 | 0 |
_gTomo 2. _tThe archaeological record from cities, towns, and villages. The transformation from Galil Ha-Goyim to Jewish Galilee: the archaeological testimony of an ethnic change / Mordechai Aviam -- Sepphoris. The jewel of the Galilee / James F. Strange -- Residential area of the western summit / Eric M. Meyers, Carol L. Meyers, and Benjamin D. Gordon -- From Galilean town to Roman city, 100 BCE-200 CE / Zeev Weiss -- The Sepphoris aqueducts / James F. Strange -- Kefar Shikhin / James Riley Strange -- Yodefat-Jotapata: a Jewish Galilean town at the end of the Second Temple period / Mordechai Aviam -- Khirbet Qana / C. Thomas McCollough -- Karm er-Ras near Kafr Kanna / Yardenna Alexandre -- Kafr Kanna (the Franciscan church) / F. Massimo Luca, OFM -- Nazareth / James F. Strange -- Kefar Ḥananya / David Adan-Bayewitz -- Tiberias, from its foundation to the end of the early Islamic period / Katia Cytryn-Silverman -- Hamath Tiberias / Carl E. Savage -- Capernaum, village of Naḥum, from Hellenistic to Byzantine times / Sharon Lea Mattila -- Bethsaida / Rami Arav and Carl E. Savage -- Magdala/Taricgheae / Stefano De Luca and Anna Lena -- Khirbet Wadi Ḥamam in the early and middle Roman periods / Uzi Leibner -- Ḥuqoq in the late Hellenistic and early Roman periods / Matthew J. Grey and Chad S. Spigel -- Meiron in Upper Galilee / Eric M. Meyers and Carol L. Meyers -- Gush Ḥalav / James F. Strange -- Nabratein: synagogue and environs / Eric M. Meyers and Carol L. Meyers -- The ancient synagogue and village at Khirbet Shemaʻ / Eric M. Meyers -- Kedesh of the Upper Galilee / Andrea M. Berlin and Sharon C. Herbert. |
|
| 505 | 0 |
_gVolumen 1. _tLife, culture, and society. Galilee and the historical Jesus in recent research / Roland Deines -- The political history in Galilee from the first century BCE to the end of the second century CE / Morten Hørning Jensen -- Religious practices and religious movements in Galilee: 100 BCE-200 CE / Roland Deines -- The ethnicities of Galileans / Mark A. Chancey -- The synagogues of Galilee / Lee I. Levine -- Notable Galilean persons / Thomas Scott Caulley -- Social movements in Galilee / Richard Horsley -- The Galilean village in the late Second Temple and Mishnaic periods / David A. Fiensy -- Household Judaism / Andrea M. Berlin -- The Galilean house in the late Second Temple and Mishnaic periods / David A. Fiensy -- Mortality, morbidity, and economics in Jesus' Galilee / Jonathan L. Reed -- Education/literacy in Jewish Galilee: was there any and at what level? / John C. Poirier -- The Galilean road system / James F. Strange -- Urbanization and industry in Mishnaic Galilee / Ze'ev Safrai -- Never the two shall meet?: urban-rural interaction in lower Galilee / Agnes Choi -- Inner village life in Galilee: a diverse and complex phenomenon / Sharon Lea Matilla -- Debate: was the Galilean economy oppressive or prosperous? Late Second Temple Galilee: socio-archaeology and dimensions of exploitation in first-century Palestine / Douglas E. Oakman -- Late Second Temple Galilee: a picture of relative economic health / J. Andrew Overman -- Taxation and other sources of government income in the Galilee of Herod and Antipas / Fabian Udoh. |
|
| 526 | _aP136 | ||
| 526 | _aP135 | ||
| 526 | _aP134 | ||
| 526 | _aP133 | ||
| 526 | _aP144 | ||
| 526 | _aP143 | ||
| 526 | _aP87 | ||
| 526 | _aP35 | ||
| 526 | _aP20 | ||
| 526 | _aP14 | ||
| 526 | _aP10 | ||
| 526 | _aP06 | ||
| 650 | 1 | 4 |
_aExcavaciones (Arqueología) _zIsrael _zGalilee. |
| 651 | 4 |
_aGalilea (Israel) _xAntigüedades. |
|
| 651 | 4 |
_aGalilea (Israel) _xHistoria. |
|
| 651 | 4 |
_aGalilea (Israel) _xVida social y costumbres. |
|
| 700 | 1 |
_aFiensy, David A., _eeditor. |
|
| 700 | 1 |
_aStrange, James Riley, _eeditor. |
|
| 910 |
_jck _bhop _chop _d20160602 |
||
| 942 |
_2ddc _cBOOK |
||
| 949 |
_a933.05092 G1 1 _wDEWEY _c1 _i73245 _lCCODEBUL1 _mBUL _p84.00 _r0 _sY _tBOOK _u2016-5-30 _xTEOLOGIA _PP85 _0COMPRA _o.CIRCNOTE. El documento es de alto precio. _o.STAFF. Posgrado |
||
| 949 |
_a933.05092 G1 2 _wDEWEY _c2 _i73246 _d2016-9-22 _e2016-9-22 _lCCODEBUL1 _mBUL _n4 _p84.00 _r0 _sY _tBOOK _u2016-5-30 _xTEOLOGIA _PP85 _0COMPRA _o.CIRCNOTE. El documento es de alto precio. _o.STAFF. Posgrado |
||
| 994 |
_aC0 _bPEPRU |
||
| 596 | _a1 | ||
| 999 |
_a933.05092 G1 1 _wDEWEY _c9711 _i73245 _d9711 _f2021-11-11 _g5 _lCCODEBUL1 _mBUL _p84.00 _q1 _r0 _sY _tBOOK _u2016-5-30 _xTEOLOGIA _PP85 _0COMPRA _o.CIRCNOTE. El documento es de alto precio. _o.STAFF. Posgrado |
||
| 999 |
_a933.05092 G1 1 _wDEWEY _c2 _i77617 _f2021-11-11 _g4 _lCCODEBUL1 _mBUL _p37.99 _r0 _sY _tBOOK _u2017-12-14 _xTEOLOGIA _PP85 _0COMPRA _o.STAFF. Colección Teología |
||
| 999 |
_a933.05092 G1 2 _wDEWEY _c2 _i73246 _d2016-9-22 _e2016-9-22 _f2021-11-11 _g4 _lCCODEBUL1 _mBUL _n4 _p84.00 _r0 _sY _tBOOK _u2016-5-30 _xTEOLOGIA _PP85 _0COMPRA _o.CIRCNOTE. El documento es de alto precio. _o.STAFF. Colección Teología |
||
| 999 |
_a933.05092 G1 2 _wDEWEY _c3 _i77618 _d2019-8-20 _f2021-11-11 _g4 _lCCODEBUL1 _mBUL _p37.99 _q1 _r0 _sY _tBOOK _u2017-12-14 _xTEOLOGIA _PP85 _0COMPRA _o.STAFF. Colección Teología |
||
| 980 |
_81 _gALBERTO SANCHEZ Responsable de Automatización |
||